Introduction to stochastic control

Uloženo v:
Podrobná bibliografie
Hlavní autor: Kushner, Harold (Autor)
Médium: Kniha
Jazyk:angličtina
Vydáno: Nueva York Holt, Rinehart and Winston 1971
Témata:
Tagy: Přidat tag
Žádné tagy, Buďte první, kdo vytvoří štítek k tomuto záznamu!

MARC

LEADER 00000nam a2200000 a 4500
001 UCP2277
003 CL-VaPUC
008 990507e19710000US |||||||||||||||||eng|d
082 0 4 |a 519.2  |b KUS  |2 21 
100 0 |a Kushner, Harold  |e author  |9 428892 
245 1 0 |a Introduction to stochastic control 
300 |a 390 p 
942 |c BK 
945 |d 19990507 00:00:00  |a crobeson 
260 |a Nueva York  |b Holt, Rinehart and Winston  |c 1971 
650 0 |a Procesos estocásticos   |9 260364 
650 0 |a Cadenas de Markov  |9 350699 
650 0 |a Programación dinámica   |9 324757 
650 7 |a CONTROL OPCIONAL  |2 CL-VaPUC  |9 428893 
650 0 |a Procesos de Markov  |9 270451 
650 0 |a Teoría de control  |9 336624 
650 0 |a Sistemas lineales   |9 384816 
650 7 |a TEORIA DE ESTABILIDAD  |2 CL-VaPUC  |9 425040 
583 |a last modification  |c 19990507 00:00:00  |k Rodrigo Vera 
999 |c 280832  |d 280830 
952 |0 0  |1 0  |4 0  |6 519_200000000000000_KUS_1971  |7 0  |8 A  |9 321346  |a BIBGIM  |b BIBGIM  |d 2019-11-20  |i 1345346  |o 519.2 KUS 1971  |p 1345346  |r 2025-01-15  |w 2019-11-20  |y BK  |k EST